| 000 | 00828cadsa22002055a 4500 | ||
|---|---|---|---|
| 001 | L142835 | ||
| 008 | 080313e20080313xxk g 000 0 eng d | ||
| 035 | _a(Sirsi) u142835 | ||
| 041 | 0 | _aeng | |
| 110 | 2 |
_aRoyal Institution of Chartered Surveyors _94900 |
|
| 245 | 0 | 0 |
_aRICS economics analysis of UK Budget _h[electronic resource] |
| 260 | _c2008 | ||
| 520 | _aRICS economic analysis of the UK budget March 2008. Provides the RICS view on: implications for residential property; Capital Gains Tax changes; HM Treasury's attempt to improve the attractions of long term fixed rate mortgages and the plan to set up a working group to look into establishing a gold standard for mortgages. | ||
| 590 | _aKA | ||
| 650 | 2 | 4 | _aBUDGET 2008 |
| 651 | 4 |
_aUnited Kingdom _y |
|
| 690 | _aECONOMY | ||
| 856 | 4 | 0 | _aPDF lost. |
| 942 | _n0 | ||
| 999 |
_c79948 _d79948 |
||